Le pays du sourire [ (Record no. 170155)

MARC details
000 -LEADER
campo de control de longitud fija 00994nam a22002535i 4500
001 - NÚMERO DE CONTROL
campo de control 170155
003 - IDENTIFICADOR DE NÚMERO DE CONTROL
campo de control ES-MaACL
005 - FECHA Y HORA DE LA ÚLTIMA TRANSACCIÓN
campo de control 20230906214313.0
008 - DATOS DE LONGITUD FIJA--INFORMACIÓN GENERAL
campo de control de longitud fija 090206s1930 fr |||| | fre d
080 ## - NÚMERO DE LA CLASIFICACIÓN DECIMAL UNIVERSAL
Número de la Clasificación Decimal Universal 782.089.6
100 1# - ENTRADA PRINCIPAL--NOMBRE DE PERSONA
Nombre de persona Lehár, Franz.
9 (RLIN) 71322
245 13 - MENCIÓN DEL TÍTULO
Título Le pays du sourire [
Medio Música impresa]
Resto del título : opérette romantique en trois actes : partition complète pour chant seul /
Mención de responsabilidad, etc. de Ludwig Herzer et Fritz Löhner d'après Victor Léon ; adaptation française de André Mauprey et Jean Marietti ; musique de Franz Lehar.
260 ## - PUBLICACIÓN, DISTRIBUCIÓN, ETC.
Lugar de publicación, distribución, etc. Paris :
Nombre del editor, distribuidor, etc. Max Eschig,
Fecha de publicación, distribución, etc. [ca. 1930]
300 ## - DESCRIPCIÓN FÍSICA
Extensión 64 p. ;
Dimensiones 17 cm.
650 #4 - PUNTO DE ACCESO ADICIONAL DE MATERIA--TÉRMINO DE MATERIA
Término de materia o nombre geográfico como elemento de entrada Óperas-
Subdivisión general Partituras vocales.
9 (RLIN) 137997
700 1# - ENTRADA AGREGADA--NOMBRE PERSONAL
Nombre de persona Herzer, Ludwig.
9 (RLIN) 139371
700 1# - ENTRADA AGREGADA--NOMBRE PERSONAL
Nombre de persona Löhner, Fritz.
9 (RLIN) 139372
700 1# - ENTRADA AGREGADA--NOMBRE PERSONAL
Nombre de persona León, Victor.
9 (RLIN) 71598
700 1# - ENTRADA AGREGADA--NOMBRE PERSONAL
Nombre de persona Mauprey, André.
9 (RLIN) 139373
700 1# - ENTRADA AGREGADA--NOMBRE PERSONAL
Nombre de persona Marietti, Jean.
9 (RLIN) 215818
852 4# - LOCALIZACIÓN
Ubicación ES-MaACL
Número de control de estantería 2246-F-16
Nota libre - Biblioteca Jacinto Martínez Lacalle
942 ## - ELEMENTOS DE ENTRADA SECUNDARIOS (KOHA)
Fuente del sistema de clasificación o colocación Clasificación decimal universal
Holdings
Estatus retirado Estado de pérdida Fuente del sistema de clasificación o colocación Estado de daño No para préstamo Colección Biblioteca de origen Biblioteca actual Ubicación en estantería Fecha de adquisición Total de préstamos Signatura topográfica completa Código de barras Visto por última vez Precio de reemplazo Tipo de ítem Koha
    Clasificación decimal universal     Colección de folletos Biblioteca del Ateneo de Madrid Biblioteca del Ateneo de Madrid Depósito folletos 06/02/2009   2246-F-16 1178640 23/02/2023 23/02/2023 Folleto